| 000 | 00817cam a2200217 4500 | ||
|---|---|---|---|
| 001 | WB3621-29 | ||
| 008 | 000000n2000 000 0 eng u | ||
| 035 | _a(Sirsi) u106149 | ||
| 245 | _aLand prices rise despite farm crisis | ||
| 260 | _c2000 | ||
| 490 |
_aWestern Morning News _v 25 May 2000, 6(1) |
||
| 520 | _aThe RICS' "Economic Brief" report highlights the problems faced by farmers as average incomes have fallen by 61% since 1995. However at the same time land prices have risen. The main factor being the strength of the residential market. Considers the effect of rural property values on the rural economy. | ||
| 590 | _aWB | ||
| 650 | _aFARMLAND VALUES | ||
| 650 | _aFARM INCOMES | ||
| 650 | _aRURAL ECONOMY | ||
| 650 | _aRICS | ||
| 650 | _aRECESSION | ||
| 690 | _aRURAL-MARKET | ||
| 942 | _n0 | ||
| 999 |
_c63592 _d63592 |
||